Vista normal
Vista MARC
Entrada Personal Name
Número de registros utilizados en: 1
001 - CONTROL NUMBER
- control field: 4892
003 - CONTROL NUMBER IDENTIFIER
- control field: OSt
005 - DATE AND TIME OF LATEST TRANSACTION
- control field: 20200602115543.0
008 - FIXED-LENGTH DATA ELEMENTS
- fixed length control field: 200602|| aca||aabn | a|a d
040 ## - CATALOGING SOURCE
- Original cataloging agency: OSt
- Transcribing agency: OSt
100 ## - HEADING--PERSONAL NAME
- Personal name: Acuña, Luis Eduardo,
670 ## - SOURCE DATA FOUND
- Source citation: Work cat.: (OSt)4815: Mora, Jhon James, autor 4885, La enseñanza de la economía en el contexto Colombiano / , 2012